[Event "5"]
[Site "Emanuel Lasker Arena"]
[Date "2024.04.09"]
[Round "2"]
[White "Triskaidekaphobe"]
[Black "MikhailBerg"]
[Result "0-1"]
[WhiteElo "1620"]
[BlackElo "2094"]
[Annotator "RC"]
[PlyCount "68"]
[EventDate "2024.04.09"]
[EventType "swiss (blitz)"]
[TimeControl "60"]

1. d4 {[%emt 0:00:01]} Nf6 {[%emt 0:00:01]} 2. c4 {[%emt 0:00:01]} e5 {[%emt 0:00:01]} 3. dxe5 {[%emt 0:00:01]} Ng4 {[%emt 0:00:01]} 4. Bf4 {[%emt 0:00:01]} g5 {[%emt 0:00:01]} 5. Bg3 {[%emt 0:00:01]} Bg7 {[%emt 0:00:01]} 6. Nf3 {[%emt 0:00:01]} Nc6 {[%emt 0:00:01]} 7. h4 {[%emt 0:00:00]} Ngxe5 {[%emt 0:00:01]} 8. Nxe5 {[%emt 0:00:01]} Nxe5 {[%emt 0:00:00]} 9. Nc3 {[%emt 0:00:01]} g4 {[%emt 0:00:01]} 10. b3 {[%emt 0:00:01]} Nf3+ {[%emt 0:00:02]} 11. exf3 {[%emt 0:00:01]} Bxc3+ {[%emt 0:00:01]} 12. Ke2 {[%emt 0:00:01]} d5 {[%emt 0:00:04]} 13. cxd5 {[%emt 0:00:04]} gxf3+ {[%emt 0:00:01]} 14. gxf3 {[%emt 0:00:01]} Bf5 {[%emt 0:00:04]} 15. Bg2 {[%emt 0:00:03]} O-O {[%emt 0:00:05]} 16. Kf1 {[%emt 0:00:01]} Bxa1 {[%emt 0:00:01]} 17. Qxa1 {[%emt 0:00:01]} Qxd5 {[%emt 0:00:01]} 18. Bxc7 {[%emt 0:00:03]} Rfe8 {[%emt 0:00:03]} 19. Kg1 {[%emt 0:00:04]} Qd2 {[%emt 0:00:03]} 20. Qf6 {[%emt 0:00:03]} Re6 {[%emt 0:00:03]} 21. Qxf5 {[%emt 0:00:01]} Qc1+ {[%emt 0:00:02]} 22. Kh2 {[%emt 0:00:01]} Qxc7+ {[%emt 0:00:01]} 23. f4 {[%emt 0:00:02]} Qc3 {[%emt 0:00:02]} 24. Rg1 {[%emt 0:00:01]} Re1 {[%emt 0:00:03]} 25. Bd5+ {[%emt 0:00:03]} Rxg1 {[%emt 0:00:01]} 26. Qxf7+ {[%emt 0:00:01]} Kh8 {[%emt 0:00:00]} 27. Kxg1 {[%emt 0:00:02]} Qf6 {[%emt 0:00:01]} 28. Qxb7 {[%emt 0:00:02]} Rf8 {[%emt 0:00:02]} 29. Kf1 {[%emt 0:00:01]} Qd4 {[%emt 0:00:01]} 30. Be4 {[%emt 0:00:02]} Qd1+ {[%emt 0:00:01]} 31. Kg2 {[%emt 0:00:01]} Rg8+ {[%emt 0:00:01]} 32. Kh2 {[%emt 0:00:01]} Qg1+ {[%emt 0:00:01]} 33. Kh3 {[%emt 0:00:01]} Qg4+ {[%emt 0:00:01]} 34. Kh2 {[%emt 0:00:01]} Qxh4# {[%emt 0:00:00] (Lag: Av=0.05s, max=0.1s)} 0-1

[Event "5"]
[Site "Emanuel Lasker Arena"]
[Date "2024.04.09"]
[Round "3"]
[White "Chartwell"]
[Black "Bauernklopper"]
[Result "1-0"]
[WhiteElo "2150"]
[BlackElo "1620"]
[Annotator "RC"]
[PlyCount "91"]
[EventDate "2024.04.09"]
[EventType "swiss (blitz)"]

1. d4 {[%emt 0:00:01]} d5 {[%emt 0:00:01]} 2. c4 {[%emt 0:00:01]} dxc4 {[%emt 0:00:01]} 3. Nf3 {[%emt 0:00:01]} Nf6 {[%emt 0:00:01]} 4. e3 {[%emt 0:00:01]} e6 {[%emt 0:00:01]} 5. Bxc4 {[%emt 0:00:01]} c5 {[%emt 0:00:01]} 6. O-O {[%emt 0:00:01]} a6 {[%emt 0:00:01]} 7. Bb3 {[%emt 0:00:01]} Nc6 {[%emt 0:00:01]} 8. Qe2 {[%emt 0:00:01]} Qc7 {[%emt 0:00:01]} 9. Nc3 {[%emt 0:00:01]} Bd6 {[%emt 0:00:04]} 10. dxc5 {[%emt 0:00:01]} Bxc5 {[%emt 0:00:01]} 11. Bd2 {[%emt 0:00:01]} O-O {[%emt 0:00:01]} 12. Rac1 {[%emt 0:00:01]} Bd7 {[%emt 0:00:01]} 13. Nb5 {[%emt 0:00:01]} Qb6 {[%emt 0:00:07]} 14. Na3 {[%emt 0:00:01]} Ne7 {[%emt 0:00:07]} 15. Ne5 {[%emt 0:00:04]} Ng6 {[%emt 0:00:03]} 16. Nac4 {[%emt 0:00:01]} Qb5 {[%emt 0:00:03]} 17. Qf3 {[%emt 0:00:01]} Bb4 {[%emt 0:00:02]} 18. Bxb4 {[%emt 0:00:01]} Qxb4 {[%emt 0:00:01]} 19. Rfd1 {[%emt 0:00:01]} Nxe5 {[%emt 0:00:03]} 20. Nxe5 {[%emt 0:00:01]} Ba4 {[%emt 0:00:02]} 21. Rd4 {[%emt 0:00:02]} Rac8 {[%emt 0:00:01]} 22. Rcd1 {[%emt 0:00:03]} Qb5 {[%emt 0:00:02]} 23. Bxa4 {[%emt 0:00:03]} Qxe5 {[%emt 0:00:01]} 24. Qxb7 {[%emt 0:00:01]} Rb8 {[%emt 0:00:02]} 25. Qe7 {[%emt 0:00:01]} g6 {[%emt 0:00:02]} 26. b4 {[%emt 0:00:03]} a5 {[%emt 0:00:02]} 27. b5 {[%emt 0:00:03]} Kg7 {[%emt 0:00:01]} 28. Rc1 {[%emt 0:00:02]} Rb6 {[%emt 0:00:02]} 29. Rc7 {[%emt 0:00:02]} Kg8 {[%emt 0:00:01]} 30. g3 {[%emt 0:00:02]} Nd5 {[%emt 0:00:01]} 31. Rc5 {[%emt 0:00:01]} Qxg3+ {[%emt 0:00:00]} 32. hxg3 {[%emt 0:00:01]} Nxe7 {[%emt 0:00:01]} 33. Rc7 {[%emt 0:00:02]} Nd5 {[%emt 0:00:00]} 34. Rc6 {[%emt 0:00:02]} Ra8 {[%emt 0:00:00]} 35. Kg2 {[%emt 0:00:02]} Kg7 {[%emt 0:00:00]} 36. Rdc4 {[%emt 0:00:01]} Kf6 {[%emt 0:00:01]} 37. R6c5 {[%emt 0:00:01]} Rd8 {[%emt 0:00:01]} 38. Rd4 {[%emt 0:00:01]} Rd7 {[%emt 0:00:01]} 39. Rc8 {[%emt 0:00:01]} Rc7 {[%emt 0:00:00]} 40. Rxc7 {[%emt 0:00:00]} Nxc7 {[%emt 0:00:00]} 41. Rh4 {[%emt 0:00:01]} Nxb5 {[%emt 0:00:00]} 42. Rxh7 {[%emt 0:00:01]} Nc3 {[%emt 0:00:00]} 43. Bd7 {[%emt 0:00:00]} Nxa2 {[%emt 0:00:00]} 44. Be8 {[%emt 0:00:00]} Rb7 {[%emt 0:00:00]} 45. e4 {[%emt 0:00:00]} Nc3 {[%emt 0:00:00]} 46. e5+ {[%emt 0:00:00] Time (Lag: Av=0.07s, max=0.6s) '} 1-0

[Event "5"]
[Site "Emanuel Lasker Arena"]
[Date "2024.04.09"]
[Round "3"]
[White "Toby Ziegler"]
[Black "PinPointPro"]
[Result "1-0"]
[WhiteElo "2064"]
[BlackElo "1984"]
[Annotator "NA RC"]
[PlyCount "89"]
[EventDate "2024.04.09"]
[EventType "swiss (blitz)"]

1. d4 {[%emt 0:00:01]} Nf6 {[%emt 0:00:01]} 2. c4 {[%emt 0:00:01]} e6 {[%emt 0:00:01]} 3. Nf3 {[%emt 0:00:01]} d5 {[%emt 0:00:01]} 4. g3 {[%emt 0:00:01]} Bb4+ {[%emt 0:00:01]} 5. Bd2 {[%emt 0:00:01]} Be7 {[%emt 0:00:01]} 6. Bg2 {[%emt 0:00:00]} O-O {[%emt 0:00:01]} 7. O-O {[%emt 0:00:01]} Nbd7 {[%emt 0:00:01]} 8. Qc2 {[%emt 0:00:01]} c6 {[%emt 0:00:01]} 9. Rd1 {[%emt 0:00:01]} b6 {[%emt 0:00:01]} 10. Bf4 {[%emt 0:00:04]} Ba6 {[%emt 0:00:01]} 11. Ne5 {[%emt 0:00:01]} Nxe5 {[%emt 0:00:01]} 12. dxe5 {[%emt 0:00:01]} Nh5 {[%emt 0:00:01]} 13. Be3 {[%emt 0:00:03]} Bxc4 {[%emt 0:00:03]} 14. g4 {[%emt 0:00:02]} f6 {[%emt 0:00:04]} 15. Na3 {[%emt 0:00:02]} Bxa3 {[%emt 0:00:01]} 16. bxa3 {[%emt 0:00:01]} fxe5 {[%emt 0:00:01]} 17. gxh5 {[%emt 0:00:01]} Qh4 {[%emt 0:00:01]} 18. h6 {[%emt 0:00:03]} Rf5 {[%emt 0:00:03]} 19. hxg7 {[%emt 0:00:06]} Kxg7 {[%emt 0:00:03]} 20. Kh1 {[%emt 0:00:03]} Rh5 {[%emt 0:00:03]} 21. h3 {[%emt 0:00:02]} Kh8 {[%emt 0:00:03]} 22. Kh2 {[%emt 0:00:02]} c5 {[%emt 0:00:03]} 23. Rh1 {[%emt 0:00:02]} Rg8 {[%emt 0:00:03]} 24. Kg1 {[%emt 0:00:02]} Rg6 {[%emt 0:00:02]} 25. Rd1 {[%emt 0:00:02]} Rf5 {[%emt 0:00:02]} 26. Qa4 {[%emt 0:00:02]} Rf8 {[%emt 0:00:03]} 27. Kh2 {[%emt 0:00:02]} Rfg8 {[%emt 0:00:02]} 28. Rhg1 {[%emt 0:00:01]} b5 {[%emt 0:00:02]} 29. Qxa7 {[%emt 0:00:01]} Bxe2 {[%emt 0:00:01]} 30. Rde1 {[%emt 0:00:02]} c4 {[%emt 0:00:02]} 31. Rxe2 {[%emt 0:00:01]} d4 {[%emt 0:00:00]} 32. Qc7 {[%emt 0:00:01]} Qh5 {[%emt 0:00:01]} 33. a4 {[%emt 0:00:01]} d3 {[%emt 0:00:02]} 34. Rd2 {[%emt 0:00:01]} R6g7 {[%emt 0:00:01]} 35. axb5 {[%emt 0:00:01]} Rxc7 {[%emt 0:00:00]} 36. a4 {[%emt 0:00:00]} e4 {[%emt 0:00:00]} 37. Bd4+ {[%emt 0:00:00]} e5 {[%emt 0:00:00]} 38. Bc3 {[%emt 0:00:00]} Qh6 {[%emt 0:00:00]} 39. Bxe5+ {[%emt 0:00:00]} Rgg7 {[%emt 0:00:00]} 40. Bxc7 {[%emt 0:00:00]} Qe3 {[%emt 0:00:00]} 41. fxe3 {[%emt 0:00:00]} Rxc7 {[%emt 0:00:01]} 42. Bxe4 {[%emt 0:00:00]} Ra7 {[%emt 0:00:00]} 43. Bxd3 {[%emt 0:00:01]} cxd3 {[%emt 0:00:00]} 44. Rxd3 {[%emt 0:00:00]} Rxa4 {[%emt 0:00:00]} 45. Rd8# {[%emt 0:00:00] (Lag: Av=0.06s, max=0.4s)} 1-0

[Event "5"]
[Site "Emanuel Lasker Arena"]
[Date "2024.04.09"]
[Round "3"]
[White "RCFlyer"]
[Black "Triskaidekaphobe"]
[Result "0-1"]
[WhiteElo "1977"]
[BlackElo "1620"]
[Annotator "NA RC"]
[PlyCount "68"]
[EventDate "2024.04.09"]
[EventType "swiss (blitz)"]

1. e4 {[%emt 0:00:00]} c5 {[%emt 0:00:00]} 2. Nf3 {[%emt 0:00:01]} Nc6 {[%emt 0:00:01]} 3. d4 {[%emt 0:00:01]} cxd4 {[%emt 0:00:01]} 4. Nxd4 {[%emt 0:00:01]} Nf6 {[%emt 0:00:01]} 5. Nc3 {[%emt 0:00:01]} e5 {[%emt 0:00:01]} 6. Ndb5 {[%emt 0:00:01]} d6 {[%emt 0:00:01]} 7. Bg5 {[%emt 0:00:01]} a6 {[%emt 0:00:01]} 8. Na3 {[%emt 0:00:01]} b5 {[%emt 0:00:00]} 9. Nd5 {[%emt 0:00:01]} Be7 {[%emt 0:00:01]} 10. Bxf6 {[%emt 0:00:01]} Bxf6 {[%emt 0:00:00]} 11. c4 {[%emt 0:00:01]} b4 {[%emt 0:00:01]} 12. Nc2 {[%emt 0:00:01]} O-O {[%emt 0:00:01]} 13. g3 {[%emt 0:00:01]} a5 {[%emt 0:00:01]} 14. h4 {[%emt 0:00:01]} Be6 {[%emt 0:00:01]} 15. Bg2 {[%emt 0:00:06]} a4 {[%emt 0:00:04]} 16. O-O {[%emt 0:00:01]} Nd4 {[%emt 0:00:02]} 17. Ncxb4 {[%emt 0:00:02]} Bxh4 {[%emt 0:00:01]} 18. gxh4 {[%emt 0:00:01]} Qxh4 {[%emt 0:00:01]} 19. Nc7 {[%emt 0:00:07]} Bxc4 {[%emt 0:00:01]} 20. Bf3 {[%emt 0:00:03]} Qg5+ {[%emt 0:00:07]} 21. Bg2 {[%emt 0:00:01]} Rac8 {[%emt 0:00:01]} 22. Nbd5 {[%emt 0:00:03]} Ne2+ {[%emt 0:00:03]} 23. Kh2 {[%emt 0:00:01]} Qh4+ {[%emt 0:00:03]} 24. Bh3 {[%emt 0:00:01]} Rxc7 {[%emt 0:00:01]} 25. Nxc7 {[%emt 0:00:01]} Qf4+ {[%emt 0:00:02]} 26. Kg2 {[%emt 0:00:01]} Qxe4+ {[%emt 0:00:01]} 27. Kh2 {[%emt 0:00:01]} Qf4+ {[%emt 0:00:02]} 28. Kg2 {[%emt 0:00:01]} Qh4 {[%emt 0:00:02]} 29. Kh2 {[%emt 0:00:02]} e4 {[%emt 0:00:02]} 30. b4 {[%emt 0:00:01]} Qf4+ {[%emt 0:00:02]} 31. Kh1 {[%emt 0:00:01]} a3 {[%emt 0:00:02]} 32. Rc1 {[%emt 0:00:02]} e3 {[%emt 0:00:02]} 33. Re1 {[%emt 0:00:02]} Qxf2 {[%emt 0:00:01]} 34. Rxc4 {[%emt 0:00:01]} Ng3# {[%emt 0:00:01] (Lag: Av=0.07s, max=0.5s)} 0-1

[Event "5"]
[Site "Emanuel Lasker Arena"]
[Date "2024.04.09"]
[Round "3"]
[White "Daenerys"]
[Black "Roberta Draper"]
[Result "0-1"]
[WhiteElo "1925"]
[BlackElo "1620"]
[Annotator "NA RC"]
[PlyCount "52"]
[EventDate "2024.04.09"]
[EventType "swiss (blitz)"]

1. e4 {[%emt 0:00:01]} c5 {[%emt 0:00:01]} 2. f4 {[%emt 0:00:01]} g6 {[%emt 0:00:01]} 3. Nf3 {[%emt 0:00:01]} Bg7 {[%emt 0:00:01]} 4. Nc3 {[%emt 0:00:01]} d6 {[%emt 0:00:01]} 5. Bc4 {[%emt 0:00:01]} Nc6 {[%emt 0:00:01]} 6. O-O {[%emt 0:00:01]} Nf6 {[%emt 0:00:04]} 7. d3 {[%emt 0:00:01]} O-O {[%emt 0:00:04]} 8. Qe1 {[%emt 0:00:01]} Nd4 {[%emt 0:00:04]} 9. Nxd4 {[%emt 0:00:01]} cxd4 {[%emt 0:00:01]} 10. Nd5 {[%emt 0:00:01]} Nxd5 {[%emt 0:00:01]} 11. Bxd5 {[%emt 0:00:01]} Qc7 {[%emt 0:00:01]} 12. Qh4 {[%emt 0:00:02]} Be6 {[%emt 0:00:01]} 13. Bxe6 {[%emt 0:00:06]} fxe6 {[%emt 0:00:01]} 14. Rf3 {[%emt 0:00:03]} Qxc2 {[%emt 0:00:01]} 15. Qxe7 {[%emt 0:00:01]} Rf7 {[%emt 0:00:04]} 16. Qxd6 {[%emt 0:00:01]} e5 {[%emt 0:00:03]} 17. f5 {[%emt 0:00:04]} gxf5 {[%emt 0:00:03]} 18. h4 {[%emt 0:00:03]} f4 {[%emt 0:00:02]} 19. h5 {[%emt 0:00:03]} Rc8 {[%emt 0:00:03]} 20. Qe6 {[%emt 0:00:03]} Rc6 {[%emt 0:00:02]} 21. Qd5 {[%emt 0:00:02]} Qd1+ {[%emt 0:00:01]} 22. Kh2 {[%emt 0:00:01]} Rc2 {[%emt 0:00:01]} 23. Rh3 {[%emt 0:00:02]} Qg4 {[%emt 0:00:02]} 24. Qd8+ {[%emt 0:00:01]} Bf8 {[%emt 0:00:01]} 25. Bd2 {[%emt 0:00:01]} Rxd2 {[%emt 0:00:01]} 26. Rf1 {[%emt 0:00:01]} Qxg2# {[%emt 0:00:01] (Lag: Av=0.07s, max=0.8s)} 0-1

[Event "5"]
[Site "Emanuel Lasker Arena"]
[Date "2024.04.09"]
[Round "3"]
[White "Copacablanca"]
[Black "ArrowPlay"]
[Result "0-1"]
[WhiteElo "1922"]
[BlackElo "2027"]
[Annotator "NA RC"]
[PlyCount "46"]
[EventDate "2024.04.09"]
[EventType "swiss (blitz)"]

1. d4 {[%emt 0:00:01]} Nf6 {[%emt 0:00:01]} 2. c4 {[%emt 0:00:01]} e6 {[%emt 0:00:01]} 3. g3 {[%emt 0:00:01]} d5 {[%emt 0:00:00]} 4. Bg2 {[%emt 0:00:01]} Be7 {[%emt 0:00:01]} 5. Nf3 {[%emt 0:00:01]} O-O {[%emt 0:00:01]} 6. O-O {[%emt 0:00:01]} dxc4 {[%emt 0:00:01]} 7. Qc2 {[%emt 0:00:01]} a6 {[%emt 0:00:01]} 8. a4 {[%emt 0:00:01]} Bd7 {[%emt 0:00:01]} 9. Qxc4 {[%emt 0:00:01]} Bc6 {[%emt 0:00:01]} 10. Bg5 {[%emt 0:00:01]} Nbd7 {[%emt 0:00:01]} 11. Nc3 {[%emt 0:00:01]} h6 {[%emt 0:00:01]} 12. Bxf6 {[%emt 0:00:01]} Bxf6 {[%emt 0:00:01]} 13. e4 {[%emt 0:00:01]} Nb6 {[%emt 0:00:01]} 14. Qd3 {[%emt 0:00:03]} e5 {[%emt 0:00:02]} 15. Qxa6 {[%emt 0:00:03]} Rxa6 {[%emt 0:00:01]} 16. dxe5 {[%emt 0:00:00]} Be7 {[%emt 0:00:03]} 17. e6 {[%emt 0:00:04]} Qd3 {[%emt 0:00:03]} 18. exf7+ {[%emt 0:00:01]} Rxf7 {[%emt 0:00:01]} 19. Ne5 {[%emt 0:00:03]} Qc2 {[%emt 0:00:03]} 20. a5 {[%emt 0:00:03]} Be8 {[%emt 0:00:03]} 21. Nxf7 {[%emt 0:00:01]} Bxf7 {[%emt 0:00:01]} 22. e5 {[%emt 0:00:01]} Nc4 {[%emt 0:00:03]} 23. e6 {[%emt 0:00:03]} Bxe6 {[%emt 0:00:01] Copacablanca resigns (Lag: Av=0.08s, max=0.8s)} 0-1

[Event "5"]
[Site "Emanuel Lasker Arena"]
[Date "2024.04.09"]
[Round "3"]
[White "LiliBeth"]
[Black "Zimtowitch"]
[Result "0-1"]
[WhiteElo "1855"]
[BlackElo "1896"]
[Annotator "NA RC"]
[PlyCount "106"]
[EventDate "2024.04.09"]
[EventType "swiss (blitz)"]

1. d4 {[%emt 0:00:01]} d5 {[%emt 0:00:01]} 2. c4 {[%emt 0:00:01]} e6 {[%emt 0:00:01]} 3. Nc3 {[%emt 0:00:01]} c5 {[%emt 0:00:01]} 4. cxd5 {[%emt 0:00:01]} exd5 {[%emt 0:00:01]} 5. Nf3 {[%emt 0:00:00]} Nc6 {[%emt 0:00:01]} 6. g3 {[%emt 0:00:01]} Nf6 {[%emt 0:00:01]} 7. Bg2 {[%emt 0:00:01]} cxd4 {[%emt 0:00:01]} 8. Nxd4 {[%emt 0:00:01]} Bc5 {[%emt 0:00:01]} 9. Nb3 {[%emt 0:00:01]} Bb6 {[%emt 0:00:01]} 10. Nxd5 {[%emt 0:00:01]} Nxd5 {[%emt 0:00:01]} 11. Qxd5 {[%emt 0:00:02]} Qxd5 {[%emt 0:00:01]} 12. Bxd5 {[%emt 0:00:01]} Nb4 {[%emt 0:00:02]} 13. e4 {[%emt 0:00:01]} Nc2+ {[%emt 0:00:04]} 14. Kf1 {[%emt 0:00:06]} Bh3+ {[%emt 0:00:02]} 15. Ke2 {[%emt 0:00:02]} Nxa1 {[%emt 0:00:00]} 16. Nxa1 {[%emt 0:00:01]} O-O {[%emt 0:00:03]} 17. Bxb7 {[%emt 0:00:01]} Rab8 {[%emt 0:00:03]} 18. Bh6 {[%emt 0:00:03]} Rxb7 {[%emt 0:00:01]} 19. Bd2 {[%emt 0:00:03]} f5 {[%emt 0:00:03]} 20. e5 {[%emt 0:00:03]} a5 {[%emt 0:00:02]} 21. f3 {[%emt 0:00:02]} Bd4 {[%emt 0:00:03]} 22. Nb3 {[%emt 0:00:02]} Bxe5 {[%emt 0:00:01]} 23. Rc1 {[%emt 0:00:01]} Bxb2 {[%emt 0:00:01]} 24. Rc4 {[%emt 0:00:02]} f4 {[%emt 0:00:02]} 25. Bxf4 {[%emt 0:00:01]} a4 {[%emt 0:00:02]} 26. Rxa4 {[%emt 0:00:01]} h6 {[%emt 0:00:02]} 27. g4 {[%emt 0:00:02]} h5 {[%emt 0:00:02]} 28. Nc5 {[%emt 0:00:02]} Rb5 {[%emt 0:00:02]} 29. gxh5 {[%emt 0:00:02]} Rxc5 {[%emt 0:00:01]} 30. h6 {[%emt 0:00:01]} Be6 {[%emt 0:00:01]} 31. hxg7 {[%emt 0:00:01]} Bxg7 {[%emt 0:00:01]} 32. Ra3 {[%emt 0:00:01]} Bd4 {[%emt 0:00:01]} 33. Bd6 {[%emt 0:00:01]} Rc2+ {[%emt 0:00:01]} 34. Kd3 {[%emt 0:00:01]} Rfc8 {[%emt 0:00:01]} 35. Kxd4 {[%emt 0:00:00]} Rd8 {[%emt 0:00:01]} 36. Ra5 {[%emt 0:00:01]} Rxd6+ {[%emt 0:00:01]} 37. Ke5 {[%emt 0:00:01]} Rb6 {[%emt 0:00:01]} 38. Kf4 {[%emt 0:00:00]} Rb1 {[%emt 0:00:01]} 39. Ke3 {[%emt 0:00:00]} Kg7 {[%emt 0:00:01]} 40. h4 {[%emt 0:00:00]} Rh2 {[%emt 0:00:01]} 41. a3 {[%emt 0:00:00]} Rc1 {[%emt 0:00:01]} 42. Kd3 {[%emt 0:00:00]} Rxh4 {[%emt 0:00:01]} 43. Ra7+ {[%emt 0:00:00]} Kh8 {[%emt 0:00:00]} 44. Ra8+ {[%emt 0:00:00]} Kg7 {[%emt 0:00:00]} 45. Kd2 {[%emt 0:00:00]} Rb4 {[%emt 0:00:00]} 46. axb4 {[%emt 0:00:00]} Rf1 {[%emt 0:00:00]} 47. Re8 {[%emt 0:00:00]} Bc4 {[%emt 0:00:00]} 48. Kc3 {[%emt 0:00:00]} Rxf3+ {[%emt 0:00:00]} 49. Kxc4 {[%emt 0:00:00]} Ra3 {[%emt 0:00:00]} 50. Re7+ {[%emt 0:00:00]} Kf8 {[%emt 0:00:00]} 51. Re1 {[%emt 0:00:01]} Ra2 {[%emt 0:00:00]} 52. Re5 {[%emt 0:00:00]} Rh2 {[%emt 0:00:00]} 53. Kb3 {[%emt 0:00:00] .} Rh1 {[%emt 0:00:00]} 0-1

[Event "5"]
[Site "Emanuel Lasker Arena"]
[Date "2024.04.09"]
[Round "3"]
[White "Dominatrix"]
[Black "Lord Grantham"]
[Result "1-0"]
[WhiteElo "1733"]
[BlackElo "1620"]
[Annotator "NA RC"]
[PlyCount "101"]
[EventDate "2024.04.09"]
[EventType "swiss (blitz)"]

1. e4 {[%emt 0:00:01]} e5 {[%emt 0:00:01]} 2. Nf3 {[%emt 0:00:02]} Nc6 {[%emt 0:00:01]} 3. Bb5 {[%emt 0:00:01]} a6 {[%emt 0:00:01]} 4. Ba4 {[%emt 0:00:00]} Nf6 {[%emt 0:00:01]} 5. O-O {[%emt 0:00:01]} Be7 {[%emt 0:00:01]} 6. Re1 {[%emt 0:00:01]} b5 {[%emt 0:00:01]} 7. Bb3 {[%emt 0:00:01]} O-O {[%emt 0:00:01]} 8. c3 {[%emt 0:00:01]} d6 {[%emt 0:00:01]} 9. d4 {[%emt 0:00:01]} Bg4 {[%emt 0:00:01]} 10. Be3 {[%emt 0:00:01]} exd4 {[%emt 0:00:01]} 11. cxd4 {[%emt 0:00:01]} Na5 {[%emt 0:00:01]} 12. Bc2 {[%emt 0:00:01]} Nc4 {[%emt 0:00:02]} 13. Bc1 {[%emt 0:00:01]} d5 {[%emt 0:00:02]} 14. e5 {[%emt 0:00:02]} Re8 {[%emt 0:00:02]} 15. exf6 {[%emt 0:00:01]} Bxf6 {[%emt 0:00:01]} 16. Rxe8+ {[%emt 0:00:01]} Qxe8 {[%emt 0:00:01]} 17. Qd3 {[%emt 0:00:04]} g6 {[%emt 0:00:04]} 18. Nc3 {[%emt 0:00:02]} Qe6 {[%emt 0:00:03]} 19. Ne5 {[%emt 0:00:07]} Bxe5 {[%emt 0:00:08]} 20. dxe5 {[%emt 0:00:01]} Qxe5 {[%emt 0:00:01]} 21. Nxd5 {[%emt 0:00:01]} Bf5 {[%emt 0:00:02]} 22. Bg5 {[%emt 0:00:03]} Bxd3 {[%emt 0:00:01]} 23. Bxd3 {[%emt 0:00:01]} Nxb2 {[%emt 0:00:01]} 24. h4 {[%emt 0:00:02]} Nxd3 {[%emt 0:00:01]} 25. Ne7+ {[%emt 0:00:02]} Kh8 {[%emt 0:00:02]} 26. Rd1 {[%emt 0:00:01]} f6 {[%emt 0:00:02]} 27. Rxd3 {[%emt 0:00:01]} Qe1+ {[%emt 0:00:01]} 28. Kh2 {[%emt 0:00:01]} Qxe7 {[%emt 0:00:01]} 29. Bd2 {[%emt 0:00:02]} Qe4 {[%emt 0:00:00]} 30. Re3 {[%emt 0:00:02]} Qxh4+ {[%emt 0:00:01]} 31. Rh3 {[%emt 0:00:01]} f5 {[%emt 0:00:01]} 32. Rxh4 {[%emt 0:00:01]} c5 {[%emt 0:00:01]} 33. Bc3+ {[%emt 0:00:01]} Kg8 {[%emt 0:00:01]} 34. Be5 {[%emt 0:00:01]} Rf8 {[%emt 0:00:01]} 35. Rh6 {[%emt 0:00:01]} c4 {[%emt 0:00:01]} 36. Bb2 {[%emt 0:00:01]} Rd8 {[%emt 0:00:01]} 37. Bf6 {[%emt 0:00:01]} Rd1 {[%emt 0:00:01]} 38. Bb2 {[%emt 0:00:01]} Rd2 {[%emt 0:00:01]} 39. Bc3 {[%emt 0:00:01]} Rxa2 {[%emt 0:00:01]} 40. g4 {[%emt 0:00:01]} fxg4 {[%emt 0:00:01]} 41. Kg3 {[%emt 0:00:01]} a5 {[%emt 0:00:00]} 42. Kxg4 {[%emt 0:00:00]} b4 {[%emt 0:00:01]} 43. Bf6 {[%emt 0:00:01]} a4 {[%emt 0:00:01]} 44. f4 {[%emt 0:00:00]} a3 {[%emt 0:00:00]} 45. Kg5 {[%emt 0:00:00]} Rf2 {[%emt 0:00:00]} 46. Bc3 {[%emt 0:00:00]} bxc3 {[%emt 0:00:00]} 47. Rh3 {[%emt 0:00:00]} a2 {[%emt 0:00:00]} 48. Rxc3 {[%emt 0:00:00]} a1=R {[%emt 0:00:00]} 49. Rxc4 {[%emt 0:00:00]} Rg2+ {[%emt 0:00:00]} 50. Kf6 {[%emt 0:00:00]} Ra7 {[%emt 0:00:00]} 51. Rc8# {[%emt 0:00:00] (Lag: Av=0.07s, max=0.7s)} 1-0

[Event "5"]
[Site "Emanuel Lasker Arena"]
[Date "2024.04.09"]
[Round "3"]
[White "Einpassant"]
[Black "CheckMaid"]
[Result "1-0"]
[WhiteElo "1620"]
[BlackElo "1645"]
[Annotator "NA RC"]
[PlyCount "35"]
[EventDate "2024.04.09"]
[EventType "swiss (blitz)"]
[TimeControl "60"]

1. d4 {[%emt 0:00:01]} f5 {[%emt 0:00:01]} 2. Nc3 {[%emt 0:00:08]} Nf6 {[%emt 0:00:01]} 3. Bg5 {[%emt 0:00:06]} d5 {[%emt 0:00:01]} 4. Bxf6 {[%emt 0:00:01]} gxf6 {[%emt 0:00:01]} 5. e4 {[%emt 0:00:01]} h5 {[%emt 0:00:01]} 6. exd5 {[%emt 0:00:01]} e5 {[%emt 0:00:03]} 7. dxe6 {[%emt 0:00:01]} Bxe6 {[%emt 0:00:01]} 8. Qf3 {[%emt 0:00:03]} Qxd4 {[%emt 0:00:01]} 9. Qxb7 {[%emt 0:00:01]} Bb4 {[%emt 0:00:01]} 10. Nge2 {[%emt 0:00:01]} Bxc3+ {[%emt 0:00:05]} 11. Nxc3 {[%emt 0:00:01]} h4 {[%emt 0:00:01]} 12. Rd1 {[%emt 0:00:01]} Bd5 {[%emt 0:00:02]} 13. Qc8+ {[%emt 0:00:02]} Ke7 {[%emt 0:00:02]} 14. Qxc7+ {[%emt 0:00:01]} Ke6 {[%emt 0:00:03]} 15. Rxd4 {[%emt 0:00:01]} Rd8 {[%emt 0:00:03]} 16. Bc4 {[%emt 0:00:02]} f4 {[%emt 0:00:04]} 17. Nxd5 {[%emt 0:00:02]} Nd7 {[%emt 0:00:02]} 18. Ne3+ {[%emt 0:00:02] CheckMaid resigns (Lag: Av=0.05s, max=0.1s)} 1-0

[Event "5"]
[Site "Emanuel Lasker Arena"]
[Date "2024.04.09"]
[Round "3"]
[White "Endspielexperte"]
[Black "Swindler"]
[Result "0-1"]
[WhiteElo "1620"]
[BlackElo "2226"]
[Annotator "RC"]
[PlyCount "46"]
[EventDate "2024.04.09"]
[EventType "swiss (blitz)"]

1. d4 {[%emt 0:00:01]} Nf6 {[%emt 0:00:01]} 2. c4 {[%emt 0:00:01]} g6 {[%emt 0:00:01]} 3. Nc3 {[%emt 0:00:01]} Bg7 {[%emt 0:00:01]} 4. e4 {[%emt 0:00:01]} d6 {[%emt 0:00:00]} 5. Nf3 {[%emt 0:00:01]} O-O {[%emt 0:00:01]} 6. Be2 {[%emt 0:00:00]} Na6 {[%emt 0:00:01]} 7. O-O {[%emt 0:00:01]} e5 {[%emt 0:00:01]} 8. Be3 {[%emt 0:00:01]} Ng4 {[%emt 0:00:01]} 9. Bg5 {[%emt 0:00:01]} Qe8 {[%emt 0:00:01]} 10. dxe5 {[%emt 0:00:01]} dxe5 {[%emt 0:00:01]} 11. Nd2 {[%emt 0:00:01]} f6 {[%emt 0:00:01]} 12. Bxg4 {[%emt 0:00:01]} Bxg4 {[%emt 0:00:01]} 13. Qxg4 {[%emt 0:00:01]} fxg5 {[%emt 0:00:01]} 14. Nf3 {[%emt 0:00:01]} Rf4 {[%emt 0:00:04]} 15. Nxe5 {[%emt 0:00:02]} Rxg4 {[%emt 0:00:01]} 16. Nxg4 {[%emt 0:00:01]} h5 {[%emt 0:00:04]} 17. Ne3 {[%emt 0:00:04]} Qe5 {[%emt 0:00:03]} 18. Rad1 {[%emt 0:00:07]} Rf8 {[%emt 0:00:03]} 19. Rd7 {[%emt 0:00:03]} Nc5 {[%emt 0:00:03]} 20. Rd5 {[%emt 0:00:03]} Qe7 {[%emt 0:00:01]} 21. e5 {[%emt 0:00:03]} g4 {[%emt 0:00:01]} 22. Re1 {[%emt 0:00:03]} Qf7 {[%emt 0:00:03]} 23. Rxc5 {[%emt 0:00:02]} Qxf2+ {[%emt 0:00:02] Endspielexperte resigns (Lag: Av=0.07s, max=0.6s)} 0-1